Apollo : An illustrated manual of the history of art throughout the ages
Uloženo v:
| Hlavní autor: | |
|---|---|
| Médium: | Kniha |
| Jazyk: | Undetermined |
| Vydáno: |
New York
Charles Scribner's sons
1924
|
| Témata: | |
| Tagy: |
Přidat tag
Žádné tagy, Buďte první, kdo otaguje tento záznam!
|
| Thư viện lưu trữ: | Trung tâm Học liệu Trường Đại học Cần Thơ |
|---|
| LEADER | 00571nam a2200205Ia 4500 | ||
|---|---|---|---|
| 001 | CTU_90406 | ||
| 008 | 210402s9999 xx 000 0 und d | ||
| 082 | |a 700.9 | ||
| 082 | |b R364 | ||
| 100 | |a Reinach, Salomon | ||
| 245 | 0 | |a Apollo : | |
| 245 | 3 | |b An illustrated manual of the history of art throughout the ages | |
| 245 | 0 | |c Salomon Reinach | |
| 260 | |a New York | ||
| 260 | |b Charles Scribner's sons | ||
| 260 | |c 1924 | ||
| 650 | |a Art,Architecture | ||
| 650 | |x History | ||
| 904 | |i Nguyên,Hải | ||
| 980 | |a Trung tâm Học liệu Trường Đại học Cần Thơ | ||